Score 0/40 Timer 06:00
19 Plays Today
% Correct
Democratic Republic of the Congo
84.3%
North Carolina
83.8%
South Carolina
83.7%
United States
80.8%
United Kingdom
77.5%
Central African Republic
74.5%
Republic of the Congo
73.7%
Saint Kitts and Nevis
72.8%
United Arab Emirates
71.1%
West Virginia
70.9%
Saint Vincent and the Grenadines
70.2%
Trinidad and Tobago
69.8%
Antigua and Barbuda
69.4%
New Hampshire
68.9%
Massachusetts
68%
Bosnia-Herzegovina
62.8%
Pennsylvania
62.7%
Marshall Islands
61.7%
São Tomé and Principe
59.5%
Dominican Republic
59.3%
% Correct
Solomon Islands
59.1%
Papua New Guinea
57.4%
Equatorial Guinea
53.8%
Turkmenistan
52.5%
North Macedonia
51.5%
Jefferson City
49.6%
Liechtenstein
49.3%
Guinea-Bissau
48%
Oklahoma City
47.6%
Salt Lake City
43.4%
Guatemala City
40.5%
Bandar Seri Begawan
39.2%
Indianapolis
37.7%
Andorra la Vella
37.5%
Antananarivo
34.9%
Sri Jayawardenepura Kotte
33.5%
Port-au-Prince
27.9%
Santo Domingo
27.5%
Yamoussoukro
23.2%
Saint George's
20.8%
Remove Ads.
Support Sporcle.
Get the best of Sporcle when you Go Orange. This ad-free experience offers more features, more stats, and more fun while also helping to support Sporcle. Thank you for becoming a member.

You're not logged in!

Compare scores with friends on all Sporcle quizzes.
OR
Log In

Sporcle TV

Today on Sporcle TV


Watch our educational content, quiz creation guides, and fun videos on Sporcle TV.

Show Comments

Extras

Top Quizzes Today


Score Distribution

Paid Content

Your Account Isn't Verified!

In order to create a playlist on Sporcle, you need to verify the email address you used during registration. Go to your Sporcle Settings to finish the process.

Report this User

Report this user for behavior that violates our Community Guidelines.

Details: